000 01348nam a2200337 a 4500
003 CHAP
005 20220329143059.0
008 060203d2004 mx a d r 10100 spa d
010 _a91644
011 _a92616
035 _a103181
040 _cCHAP
082 0 4 _a510
_bS45
111 2 _aSeminario de Avances de Investigación del Programa Universitario de Investigación en Matemáticas, Estadística, Cómputo e Informática
_n(1 :
_d2004 :
_cChapingo, Méx.)
_9104019
245 1 0 _aMemoria
_c/por UACH. Dirección General de Investigación y Posgrado
260 _aChapingo, Méx. :
_bUACH. Dirección General de Investigación y Posgrado,
_c2004
300 _a[c. a. 50 p. ] :
_bilus. ; gráfs. ; cuadros ; tabla
590 _aBATCH-UPD
_b10
_c20130110
_lUCH01
_h1121
590 _aBATCH-UPD
_b10
_c20130410
_lUCH01
_h0711
590 _aBATCH-UPD
_b10
_c20130914
_lUCH01
_h1023
590 _aCONVERSION
_b10
_c20130109
_lUCH01
_h1351
650 1 4 _aComputación
_xEstudio y enseñanza.
_926125
650 1 4 _aEstadística
_xCongresos.
_938245
650 1 4 _aEstadística
_xEstudio y enseñanza.
_938249
650 1 4 _aInformática.
_958156
650 1 4 _aMatemáticas
_xEstudio y enseñanza.
_972904
901 _aBK
905 _aMarco A. Mendoza T.
942 _cLIBRO
949 _a510 S45
_bBC
_cUACH
_d00000001031811
_eUACH
_gDonaciØn
_h107680
_i103181
_sb
999 _c91644
_d91644